5HLuxD.jpg

KING HENRY VIII SENIOR AND PRIMARY SCHOOL LIBRARY OPAC

Yu wen : san nian ji (Record no. 3202)

000 -LEADER
fixed length control field 00703nam a22002177a 4500
005 - DATE AND TIME OF LATEST TRANSACTION
control field 20231107084444.0
008 - FIXED-LENGTH DATA ELEMENTS--GENERAL INFORMATION
fixed length control field 231107b ||||| |||| 00| 0 eng d
020 ## - INTERNATIONAL STANDARD BOOK NUMBER
International Standard Book Number 9787107329029
040 ## - CATALOGING SOURCE
Transcribing agency KH8
082 ## - DEWEY DECIMAL CLASSIFICATION NUMBER
Classification number 495.186 ZON
100 ## - MAIN ENTRY--PERSONAL NAME
Personal name Zong zhu bian Wen Rumin
Relator term Author
245 ## - TITLE STATEMENT
Title Yu wen : san nian ji
Remainder of title 语文 : 三年级
Statement of responsibility, etc. Zong zhu bian Wen Rumin
260 ## - PUBLICATION, DISTRIBUTION, ETC.
Place of publication, distribution, etc. Beijing,
Name of publisher, distributor, etc. Ren min jiao yu chu ban she 人民教育出版社,
Date of publication, distribution, etc. 2018
300 ## - PHYSICAL DESCRIPTION
Extent volumes :
Other physical details illustrations ;
Dimensions 26 cm
440 ## - SERIES STATEMENT/ADDED ENTRY--TITLE
Title Yi wu jiao yu jiao ke shu
650 ## - SUBJECT ADDED ENTRY--TOPICAL TERM
Topical term or geographic name entry element Chinese language
650 ## - SUBJECT ADDED ENTRY--TOPICAL TERM
Topical term or geographic name entry element Chinese language Readers
650 ## - SUBJECT ADDED ENTRY--TOPICAL TERM
Topical term or geographic name entry element Chinese language Textbooks
700 ## - ADDED ENTRY--PERSONAL NAME
Personal name Rumin Wen
Relator term Editor
942 ## - ADDED ENTRY ELEMENTS (KOHA)
Source of classification or shelving scheme
Koha item type Teaching Resources
Holdings
Withdrawn status Lost status Source of classification or shelving scheme Damaged status Not for loan Collection code Permanent Location Current Location Shelving location Date acquired Full call number Barcode Date last seen Price effective from Koha item type
          Teaching Resources KH8 Primary School Library KH8 Primary School Library Staff Office 2023-11-07 495.186 ZON TRKHPL000004323 2025-12-05 2023-11-07 Teaching Resources

Powered By KH8 IT Dept